| 000 | 00391 a2200157 4500 | ||
|---|---|---|---|
| 005 | 20250319145352.0 | ||
| 020 | _a0-87901-232-3 | ||
| 082 | _a512.12 MUN | ||
| 100 | _aMUNEM, M.A. | ||
| 245 | _aIntermediate Algebra | ||
| 250 | _a3rd Ed. | ||
| 260 |
_aNew York _bWorth Publishers, INC _c1984 |
||
| 300 |
_axi,452p., ill., tables _bIndex _c25cm. |
||
| 700 | _aTSCHIRHART, W. | ||
| 942 |
_2ddc _cBKS |
||
| 999 |
_c1014 _d1014 |
||